Redes y estilos de investigación ciencia tecnología innovación y sociedad en México y Costa Rica /
El libro explora cómo la ciencia, tecnología e innovación se relacionan con la sociedad en estos países. El análisis profundo revela cómo las redes y estilos de investigación moldean el desarrollo científico y tecnológico. Se examina la colaboración interdisciplinaria, transferencia tecnológica y po...
Guardado en:
| 主要作者: | |
|---|---|
| 其他作者: | , |
| 格式: | 圖書 |
| 語言: | Spanish |
| 出版: |
México:
Universidad Autónoma Metropolitana; Universidad Autónoma del Estado de México; MAPorrúa,
2013
|
| 叢編: | Serie Las Ciencias Sociales Tercera Década
|
| 主題: | |
| 標簽: |
添加標簽
沒有標簽, 成為第一個標記此記錄!
|
MARC
| LEADER | 00000nam a22000007a 4500 | ||
|---|---|---|---|
| 003 | cru CIDCACS/IIS | ||
| 005 | 20230906152106.0 | ||
| 007 | ta | ||
| 008 | 170310t2013 mx ||||| |||| 00| 0 spa d | ||
| 020 | |a 9786074779530 | ||
| 040 | |c CRAI/IIS |a CRAI/IIS | ||
| 090 | |a 15.02.03 A679r | ||
| 100 | 1 | |9 3286 |a Arellano Hernández, Antonio |e coordinador | |
| 245 | 1 | |a Redes y estilos de investigación ciencia tecnología innovación y sociedad en México y Costa Rica / |c Antonio Arellano, Michelle Chauvet, Ronny Viales coordinadores | |
| 260 | |a México: |b Universidad Autónoma Metropolitana; |b Universidad Autónoma del Estado de México; |b MAPorrúa, |c 2013 | ||
| 300 | |a 302 : |b tablas, gráficos | ||
| 440 | 0 | |9 3287 |a Serie Las Ciencias Sociales Tercera Década | |
| 520 | 3 | |a El libro explora cómo la ciencia, tecnología e innovación se relacionan con la sociedad en estos países. El análisis profundo revela cómo las redes y estilos de investigación moldean el desarrollo científico y tecnológico. Se examina la colaboración interdisciplinaria, transferencia tecnológica y políticas de investigación. El libro destaca similitudes y diferencias en estrategias de fomento científico y tecnológico, así como su impacto en los desafíos actuales. Las palabras clave incluyen Ciencia, Tecnología, Innovación, Redes de investigación y Sociedad. En resumen, la obra ilumina cómo estas naciones entrelazan conocimiento y sociedad para abordar cuestiones contemporáneas.RAR | |
| 650 | 0 | 0 | |0 OCDE |9 1732 |a CIENCIA Y TECNOLOGIA |
| 650 | 0 | 0 | |0 OCDE |9 5318 |a INNOVACIONES |
| 650 | 0 | 0 | |0 OCDE |9 2887 |a REDES DE INVESTIGACION |
| 650 | 0 | 0 | |9 26 |a SOCIEDAD |
| 700 | 1 | |9 3288 |a Sánchez Pruneda, Michelle Chauvet | |
| 700 | 1 | |a Viales Hurtado, Ronny José |9 724 | |
| 942 | |2 z |c LI |h 15.02.03 A679r |i 17988 |6 150203_A679R_17988 | ||
| 999 | |c 18987 |d 18987 | ||



